Statistics for Monster Movies #2

Click here to take the quiz!

General Stats

  • This quiz has been taken 84 times
  • The average score is 11 of 20

Answer Stats

HintAnswer% Correct
Billionaire creates a park of re-created dinosaurs, which goes awry when the dinosaurs escape.Jurassic Park
99%
Vampire moves to England and preys upon the blood of living victims.Dracula
93%
Seven children are terrorized by a monster who commonly takes the form of a clown.It
92%
Buff commandos encounter an alien while on a rescue mission in the jungle.Predator
80%
Blood-sucking count runs a hotel for monsters.Hotel Transylvania
73%
Family has to survive a race of aliens without making a sound.A Quiet Place
72%
Geeky florist shop worker discovers his Venus flytrap is actually a mean green mother from outer space.Little Shop of Horrors
64%
Summer resort is threatened by a school of lethal-genetically altered piranha fish.Piranha
55%
Small town inhabitants take refuge in a supermarket from a dense fog that spawns otherworldly creatures.The Mist
53%
Kind doctor creates a serum that turns him into a manifestation of his evil side.Dr. Jekyll and Mr. Hyde
50%
College students visit a remote cabin and inadvertently play a tape that awakens the dead.The Evil Dead
45%
Alien spores arrive on Earth and create duplicate emotionless copies of humans.Invasion of the Body Snatchers
43%
Scientist becomes transformed into a swamp-like monster after his lab is sabotaged.Swamp Thing
42%
Two American backpackers are attacked by a creature while traveling in England.An American Werewolf in London
39%
Geology expedition discovers a "fish-man" creature while exploring the Amazon.The Creature from the Black Lagoon
36%
Genetically-enhanced sharks go on a rampage and flood an underwater research facility.Deep Blue Sea
32%
En route to transporting a criminal to prison, spacecraft crash lands on a desert planet with hostile noctural creatures.Pitch Black
27%
Giant spiders go on a killing spree at a small mining town.Eight-Legged Freaks
23%
Korean man searches for his daughter who was kidnapped by an amphibious creature.The Host
22%
Group of kids set out to keep classic movie monsters from taking over the world.The Monster Squad
16%

Score Distribution

Percentile by Number Answered

Percent of People with Each Score

Your Score History

You have not taken this quiz